Hegemony and Socialist Strategy

Uloženo v:
Podrobná bibliografie
Další autoři: Laclau, Ernesto, Mouffe, Chantal
Médium: Kniha
Jazyk:angličtina
Vydáno: London
Tagy: Přidat tag
Žádné tagy, Buďte první, kdo vytvoří štítek k tomuto záznamu!

MARC

LEADER 00000nam a2200000 4500
001 CDOM0000003726
003 mi
005 20250929205623.0
008 250929b |||||||| |||| 00| 0 eng d
040 |c mi 
245 1 |a Hegemony and Socialist Strategy  
260 |a London 
700 |a Laclau, Ernesto 
700 |a Mouffe, Chantal 
942 |2 ddc  |c BK 
952 |0 0  |1 0  |2 ddc  |4 0  |7 0  |9 6945  |a MI  |b MI  |d 2009-08-21  |i 5436  |l 0  |p CDOM5436  |r 2025-07-13 16:28:00  |w 2025-07-13  |x ACQUISTO  |y BK 
999 |c 5669  |d 5669